MLB MVPs - St. Louis Cardinals - Statistics

General Stats
  • This quiz has been taken 141 times
  • The average score is 8 of 17
Answer Stats
Team Player % Correct
2005, 2008, 2009 Albert Pujols
96%
2022 Paul Goldschmidt
91%
1943, 1946, 1948 Stan Musial
86%
1968 Bob Gibson
81%
1925 Rogers Hornsby
65%
1934 Dizzy Dean
53%
1964 Ken Boyer
49%
1985 Willie McGee
49%
1979 Keith Hernandez
45%
1971 Joe Torre
43%
1967 Orlando Cepeda
36%
1937 Joe Medwick
35%
1931 Frankie Frisch
25%
1928 Jim Bottomley
20%
1944 Marty Marion
18%
1942 Mort Cooper
14%
1926 Bob O'Farrell
8%
No matching quizzes found
Score Distribution
Percent of People with Each Score
Percentile by Number Answered
Your Score History
You have not taken this quiz